Management accounting:Information for creating and managing value / (Record no. 3138)

000 -LEADER
fixed length control field 01129cam a2200325 a 4500
001 - CONTROL NUMBER
control field 14599757
003 - CONTROL NUMBER IDENTIFIER
control field OSt
005 - DATE AND TIME OF LATEST TRANSACTION
control field 20160906084752.0
008 - FIXED-LENGTH DATA ELEMENTS--GENERAL INFORMATION
fixed length control field 061018s2007 njua 001 0 eng
010 ## - LIBRARY OF CONGRESS CONTROL NUMBER
LC control number 2006034277
020 ## - INTERNATIONAL STANDARD BOOK NUMBER
International Standard Book Number 9780070139039
035 ## - SYSTEM CONTROL NUMBER
System control number (OCoLC)ocm73927332
035 ## - SYSTEM CONTROL NUMBER
System control number (OCoLC)73927332
040 ## - CATALOGING SOURCE
Original cataloging agency DLC
Transcribing agency DLC
Modifying agency BAKER
-- C#P
-- YDXCP
-- BTCTA
-- DLC
050 00 - LIBRARY OF CONGRESS CALL NUMBER
Classification number HF5657.4.L36 2009
Item number
082 00 - DEWEY DECIMAL CLASSIFICATION NUMBER
Classification number 658.15/11
Edition number 22
100 ## - MAIN ENTRY--PERSONAL NAME
Personal name Langfield-Smith, Kim
245 00 - TITLE STATEMENT
Title Management accounting:Information for creating and managing value /
Statement of responsibility, etc Langfield-Smith, Thorne, Hilton
250 ## - EDITION STATEMENT
Edition statement 5th ed.
260 ## - PUBLICATION, DISTRIBUTION, ETC. (IMPRINT)
Place of publication, distribution, etc New York. :
Name of publisher, distributor, etc McGraw-Hill Publishers
Date of publication, distribution, etc c2009.
300 ## - PHYSICAL DESCRIPTION
Extent xxxii, 1181 p. :
Other physical details ill. ;
Dimensions 26 cm.
500 ## - GENERAL NOTE
General note Includes indexes.
650 #0 - SUBJECT ADDED ENTRY--TOPICAL TERM
Topical term or geographic name as entry element Managerial accounting.
700 ## - ADDED ENTRY--PERSONAL NAME
Personal name Thorne, Hellen
700 ## - ADDED ENTRY--PERSONAL NAME
Personal name Hiltoon, Ronald
856 41 - ELECTRONIC LOCATION AND ACCESS
Materials specified Table of contents only
Uniform Resource Identifier <a href="http://www.loc.gov/catdir/toc/ecip073/2006034277.html">http://www.loc.gov/catdir/toc/ecip073/2006034277.html</a>
906 ## - LOCAL DATA ELEMENT F, LDF (RLIN)
a 7
b cbc
c orignew
d 1
e ecip
f 20
g y-gencatlg
942 ## - ADDED ENTRY ELEMENTS (KOHA)
Source of classification or shelving scheme
Koha item type Book
Holdings
Withdrawn status Lost status Source of classification or shelving scheme Damaged status Not for loan Home library Current library Shelving location Date acquired Total Checkouts Full call number Barcode Date last seen Copy number Price effective from Koha item type
          Riara University Library Riara University Library General stack 06/09/2016   HF5657.4.L36 2009 8008/16 06/09/2016 C.1 06/09/2016 Book

Riara University Library,
P.O. Box 49940-00100,
Nairobi, Kenya.